Arbitration, conciliation and mediation / (Record no. 97582)

MARC details
000 -LEADER
fixed length control field 00576nam a22001817a 4500
005 - DATE AND TIME OF LATEST TRANSACTION
control field 20151201111151.0
010 ## - LCCN (DPL NO)
LC control number ENG-114183
020 ## - INTERNATIONAL STANDARD BOOK NUMBER
International Standard Book Number 9789351435549
Terms of availability 395.00
035 ## - SYSTEM CONTROL NUMBER
System control number EN-97715
037 ## - SOURCE OF ACQUISITION
Source of stock number/acquisition DBAD/PUB
082 ## - DEWEY DECIMAL CLASSIFICATION NUMBER
Classification number 347.5409
100 ## - MAIN ENTRY--PERSONAL NAME
Personal name Warrier, Vishnu S.
245 ## - TITLE STATEMENT
Title Arbitration, conciliation and mediation /
Statement of responsibility, etc by Vishnu S. Warrier
260 ## - PUBLICATION, DISTRIBUTION, ETC. (IMPRINT)
Place of publication, distribution, etc Gurgaon
Name of publisher, distributor, etc LexisNexis
Date of publication, distribution, etc 2015
270 ## - ADDRESS
Address 14th Floor, Building No 10, Tower- B, DLF Cyber City , Phase-II,
City Gurgaon
Postal code 122002
300 ## - PHYSICAL DESCRIPTION
Extent ix,259p.
Dimensions 24cm(pbk)
942 ## - ADDED ENTRY ELEMENTS (KOHA)
Source of classification or shelving scheme Dewey Decimal Classification
Item type English Books
Call number suffix WAR
Classification part 347.5409
Holdings
Withdrawn status Lost status Not for loan Collection code Home library Current library Date acquired Source of acquisition Cost, normal purchase price Full call number Barcode Copy number Cost, replacement price Koha item type
    Not For Loan Non-fiction D.B.Act.Division D.B.Act.Division 30/09/2015 DBAD/PUB 395.00 347.5409 WAR EN-97715 1 395.00 English Books

© Delhi Public Library
Hit Counter
free hit counter